Sports Quiz

Random Sports or NCAA Quiz

NCAA Duplicate Nicknames - Just One School Quiz Stats

Quiz not verified by Sporcle

Challenge
Share
Tweet
For space, I have chosen to use the most common name for the schools, usually the ones that are associated with the team like "Cal" for Golden Bears or "Penn State" for Nittany Lions. If a really common important short abbreviation is missing, let me know in the comments and I'll see if there is room.
Score 0/56 Timer 10:00
1 Play Today
Nickname (Number) Just One School % Correct
Aggies (5)UC Davis
97.8%
Blue Devils (2)Duke
97.7%
Bulldogs (14)Alabama A&M
94.3%
Bearcats (2)Cincinnati
92.9%
Bruins (2)Belmont
90.9%
Gamecocks (2)Jacksonville State
90.7%
Huskies (5)Connecticut
89.7%
Cowboys (3)McNeese State
89.4%
Trojans (3)Troy
88.7%
Wolverines (2)Michigan
88.1%
Tigers (13)Auburn
87.9%
Spartans (5)Michigan State
87.5%
Wildcats (9)Arizona
87.4%
Mountaineers (3)Mount Saint Mary's
87.2%
Broncos (3)Western Michigan
86.1%
Owls (4)Florida Atlantic
85.8%
Cougars (6)Chicago State
85.3%
Bulls (2)South Florida
84.8%
Cardinals (3)Ball State
84.3%
Rebels (2)Ole Miss
84%
Eagles (10)American
80.4%
Bears (7)Central Arkansas
77.7%
Rams (4)Fordham
75.5%
Pirates (3)East Carolina
75.4%
Golden Eagles (4)Southern Miss
71.9%
Mustangs (2)Southern Methodist
70.4%
Panthers (7)Eastern Illinois
70%
Redhawks (3)Seattle
64.4%
Nickname (Number) Just One School % Correct
Falcons (2)Air Force
64.3%
Bobcats (4)Quinnipiac
61.8%
Catamounts (2)Vermont
60.7%
49ers (2)UNC Charlotte
58.1%
Terriers (3)Boston University
57.8%
Gaels (2)Iona
55.4%
Bison (3)North Dakota State
51.2%
Colonials (2)Robert Morris
48.9%
Knights (2)Fairleigh Dickinson
44.4%
Dukes (2)Duquesne
42.7%
Crusaders (2)Holy Cross
42.3%
Braves (2)Bradley
36.3%
Flames (2)Liberty
34.1%
Jaguars (3)South Alabama
33.8%
Phoenix (2)Elon
32.5%
Vikings (2)Cleveland State
32.5%
Lumberjacks (2)Stephen F. Austin
30.5%
Roadrunners (2)Cal State Bakersfield
30.1%
Lions (3)Southeastern Louisiana
29.4%
Hawks (4)Hartford
28.4%
Titans (2)Cal State Fullerton
27.6%
Seahawks (2)UNC Wilmington
24.4%
Colonels (2)Eastern Kentucky
23.1%
Hornets (3)Alabama State
22.8%
Buccaneers (2)Charleston Southern
20.2%
Pioneers (2)Denver
17.9%
Highlanders (3)New Jersey Tech
14.8%
Raiders (2)Wright State
14.4%

You're not logged in!

Compare scores with friends on all Sporcle quizzes.
Sign Up with Email
OR
Log In

You Might Also Like...

Show Comments

Extras

Top Quizzes Today


Score Distribution

Your Account Isn't Verified!

In order to create a playlist on Sporcle, you need to verify the email address you used during registration. Go to your Sporcle Settings to finish the process.